|
|
|
|
| LEADER |
00000nab a2200000uu 4500 |
| 001 |
vtls011140808 |
| 003 |
SK-MaSNL |
| 005 |
20260303162333.0 |
| 008 |
230302|2011 xo |||||||||||||||||slo| |
| 015 |
|
|
|a SNBRB
|
| 035 |
|
|
|a (urnnbn)urn:nbn:sk:snk:ar-0089pt
|
| 035 |
|
|
|a (uuid)e6a4e00b-dce1-48f6-a77e-060ce9804227
|
| 035 |
|
|
|a urn:nbn:sk:snk-abasnt
|
| 040 |
|
|
|a SNKBUCL
|b slo
|c SNKBUCL
|e AACR2
|
| 041 |
0 |
|
|a slo
|
| 044 |
|
|
|a xo
|c SK
|
| 100 |
1 |
|
|a Podušel, Ľubomír,
|d 1953-
|4 aut
|9 89283
|
| 245 |
1 |
0 |
|a Francúzska klasická moderna
|c Ľubomír Podušel
|
| 773 |
0 |
|
|t Literárny týždenník : časopis Spolku slovenských spisovateľov
|g Roč. 24, č. 19-20 (2011), s. 15
|
| 954 |
|
|
|a odborná, vedecká literatúra pôvodná (slovenská)
|2 lita
|
| 958 |
|
|
|a OND
|
| 958 |
|
|
|a EUIPO
|
| 958 |
|
|
|a article14
|
| 999 |
|
|
|c 2053339
|d 2055269
|